| 000 | 00694nam a22002057a 4500 | ||
|---|---|---|---|
| 003 | OSt | ||
| 005 | 20251201163636.0 | ||
| 008 | 251201b |||||||| |||| 00| 0 eng d | ||
| 020 | _a0-8120-3880-0. | ||
| 040 |
_aDWCL-Main lib _cOC |
||
| 082 |
_23rd ed. _aCirc. 657.076 P467b 1987 |
||
| 100 | _aPerson, Samuel | ||
| 245 |
_aBarron's how to prepare for the sertified public accountant examination, CPA/ _cPerson, Samuel |
||
| 260 |
_aN.Y. : _bBarron's Educational Series, Inc., _cc1987. |
||
| 300 |
_a537 p. ; _c28 cm. |
||
| 650 | _aAccounting-Examinations, questions, etc. | ||
| 700 | _aBeekham, Robert | ||
| 710 | _aPerson/Wolinsky CPA ReviewCourses | ||
| 942 |
_2ddc _cBK-CIRC _e3rd ed. _kCirc. _n0 |
||
| 999 |
_c6672 _d6672 |
||